000 00548nam a2200217Ia 4500
003 OSt
005 20220924134825.0
006 a|||||r|||| 00| 0
007 ta
008 220923b |||||||| |||| 00| 0 ben d
024 _a287436
037 _cTextual
040 _aARTS
_cARTS
_bben
041 _2ben
_aben
082 _a9xM38, 157G7
100 _aGupta Y.
_9209334
245 0 _aSnlav samachar o Keshav Chandrar restra bani
260 _c1937
942 _h9xM38, 157G7
_cTEXL
_2CC
999 _c438752
_d438752